|
|
|
|
| LEADER |
00000nam0a2200000 4500 |
| 001 |
275442 |
| 005 |
20231101234826.0 |
| 020 |
|
|
|a RU
|b 85-107016
|
| 035 |
|
|
|a (RuTPU)RU\TPU\book\298683
|
| 090 |
|
|
|a 275442
|
| 100 |
|
|
|a 20141114d1985 de y0rusy5003 ca
|
| 101 |
0 |
|
|a rus
|
| 102 |
|
|
|a RU
|
| 105 |
|
|
|a a z 000zy
|
| 200 |
1 |
|
|a Международные физические олимпиады школьников
|f О. Ф. Кабардин, В. А. Орлов
|g Под ред. В. Г. Разумовского
|
| 210 |
|
|
|a Москва
|c Наука
|d 1985
|
| 215 |
|
|
|a 160 с.
|c ил.
|
| 225 |
1 |
|
|a Библиотечка "Квант"
|a Вып. 43
|
| 606 |
1 |
|
|a Физика
|2 stltpush
|3 (RuTPU)RU\TPU\subj\63709
|9 80688
|
| 610 |
1 |
|
|a физические олимпиады
|
| 610 |
1 |
|
|a задачи
|
| 610 |
1 |
|
|a школьные олимпиады
|
| 610 |
1 |
|
|a международные олимпиады
|
| 610 |
1 |
|
|a решение
|
| 675 |
|
|
|a 53
|z rus
|v 4
|
| 700 |
|
1 |
|a Кабардин
|b О. Ф.
|g Олег Федорович
|4 070
|
| 701 |
|
1 |
|a Орлов
|b В. А.
|g Владимир Алексеевич
|4 070
|
| 702 |
|
1 |
|a Разумовский
|b В. Г.
|4 340
|
| 801 |
|
0 |
|a RU
|b RuMRKP
|c 19950704
|g psbo
|
| 801 |
|
1 |
|a RU
|b 63413507
|c 20141114
|
| 801 |
|
2 |
|a RU
|b 63413507
|c 20170126
|g RCR
|
| 942 |
|
|
|c BK
|